000 00981nam a2200277Ia 4500
003 OSt
005 20220930090335.0
006 a|||||r|||| 00| 0
007 ta
008 220926b |||||||| |||| 00| 0 eng d
024 _a109278
037 _cTheses
040 _aCRL
_cCRL
_beng
041 _2eng
_aeng
100 _aKaushik Jaya
_9542328
110 _aUniversity of Delhi. Faculty of Medical Sciences. Department of Ophthalmology
_9520086
245 0 _aEvaluation of conjunctival limbal stem cell autograft and cadaveric limbal stem cell graft in ocular surface disorders
260 _c2008
300 _a76p.
_ap.
_ccm.
650 _aEYE - DISEASES
_9197938
700 _a Dr. J. K. S. Parihar Gu.
_9540720
700 _a Dr. Vibha Dutta Gu.
_9536814
700 _aUniversity of Delhi. Faculty of Medical Sciences. Department of Ophthalmology
_9520088
942 _cDIS
_2CC
999 _c880416
_d880416